Marvel Villains to Hero Quiz - Statistics

General Stats
  • This quiz has been taken 47 times
  • The average score is 104 of 144
Answer Stats
Question Tile Select % Correct
Ant-Man. No
98%
Ant-Man. No
98%
Ant-Man. Yes
95%
Ant-Man. No
95%
Ant-Man. No
95%
Captain America. No
95%
Captain America. Yes
95%
Captain America. No
95%
Captain America. No
95%
Ant-Man. No
93%
Ant-Man. No
91%
Captain America. No
91%
the Fantastic Four. Yes
91%
Wolverine. No
89%
Wolverine. No
89%
the Fantastic Four. No
89%
the Fantastic Four. No
89%
the Hulk. No
89%
the Hulk. Yes
89%
the Hulk. No
89%
the Hulk. No
89%
the Hulk. No
89%
Wolverine. No
86%
Wolverine. No
86%
Wolverine. Yes
86%
the Fantastic Four. No
86%
Captain America. No
84%
the Fantastic Four. No
84%
the Fantastic Four. No
84%
the Hulk. No
84%
the Hulk. No
84%
Black Panther. No
84%
Black Panther. No
84%
Spider-Man. No
84%
Daredevil. No
84%
Daredevil. No
84%
Wolverine. No
82%
Wolverine. No
82%
Black Panther. No
82%
Black Panther. No
82%
Spider-Man. Yes
82%
Spider-Man. Yes
82%
Spider-Man. No
82%
Spider-Man. No
82%
Daredevil. Yes
82%
the X-Men. Yes
82%
Thor. No
82%
Thor. Yes
82%
Thor. No
82%
Thor. No
82%
the Guardians of the Galaxy. No
82%
the Guardians of the Galaxy. No
82%
Doctor Strange. No
82%
Doctor Strange. No
82%
Doctor Strange. No
82%
the Avengers. No
82%
the Avengers. Yes
82%
the Hulk. Yes
80%
Spider-Man. No
80%
Spider-Man. Yes
80%
Spider-Man. Yes
80%
Daredevil. No
80%
Daredevil. No
80%
the X-Men. No
80%
Thor. No
80%
the Guardians of the Galaxy. No
80%
the Guardians of the Galaxy. No
80%
Doctor Strange. No
80%
the Avengers. No
80%
Black Panther. Yes
77%
Daredevil. No
77%
the X-Men. Yes
77%
the X-Men. No
77%
Thor. No
77%
the Guardians of the Galaxy. Yes
77%
the Guardians of the Galaxy. No
77%
the Avengers. No
77%
Iron Man. No
75%
Iron Man. No
75%
Black Panther. No
75%
Daredevil. No
75%
Ms. Marvel. No
75%
the X-Men. No
75%
the Avengers. No
75%
Black Panther. No
73%
Thor. Yes
73%
Captain Marvel. No
73%
Captain Marvel. No
73%
Captain America. Yes
70%
Iron Man. No
70%
Ms. Marvel. No
70%
the X-Men. No
70%
Captain Marvel. No
70%
Doctor Strange. No
70%
the Avengers. Yes
70%
Captain America. Yes
68%
Iron Man. No
68%
Iron Man. No
68%
the Hulk. Yes
68%
Ms. Marvel. No
68%
Captain Marvel. No
68%
the Guardians of the Galaxy. Yes
68%
the Guardians of the Galaxy. Yes
68%
Doctor Strange. Yes
68%
Iron Man. No
66%
Daredevil. Yes
66%
Doctor Strange. Yes
66%
Daredevil. Yes
64%
Ms. Marvel. No
64%
Wolverine. Yes
61%
Wolverine. Yes
61%
Ms. Marvel. No
61%
the X-Men. Yes
61%
Captain Marvel. No
61%
Iron Man. Yes
59%
Ms. Marvel. Yes
59%
Thor. Yes
59%
Doctor Strange. Yes
59%
Doctor Strange. No
59%
Black Panther. Yes
57%
Ms. Marvel. No
57%
Captain Marvel. No
57%
the Fantastic Four. Yes
55%
Ant-Man. Yes
52%
Black Panther. Yes
52%
Captain Marvel. Yes
52%
Captain Marvel. Yes
52%
Captain America. Yes
50%
the Fantastic Four. Yes
50%
the Avengers. Yes
50%
the Guardians of the Galaxy. Yes
48%
Iron Man. Yes
41%
the Fantastic Four. Yes
41%
Spider-Man. Yes
41%
Captain Marvel. Yes
41%
Ant-Man. Yes
39%
Ms. Marvel. Yes
36%
the X-Men. Yes
36%
Iron Man. Yes
34%
Ms. Marvel. Yes
32%
the X-Men. Yes
32%
Thor. Yes
32%
the Avengers. Yes
25%
the Avengers. Yes
11%
No matching quizzes found
Score Distribution
Percent of People with Each Score
Percentile by Number Answered
Your Score History
You have not taken this quiz